| 000 | 00414 a2200085 4500 | ||
|---|---|---|---|
| 020 | _a0643054138 | ||
| 082 | _a624.1834 HO | ||
| 245 |
_aRehabilitation of concrete structures : _bproceedings of international conference held by RILEM ... Melbourne, 31 August-2 September, 1992 / _cedited by David W. S. Ho, Frank Collins. |
||
| 260 |
_a[Melbourne : _bCSIRO, Division of Building, Construction and Engineering, _c1992]. |
||
| 300 |
_a486 p. _bill. ; _c25 cm |
||
| 999 |
_c1353 _d1353 |
||